Pick the Dr. Seuss Books by Cover Quiz Stats

 Plays Quiz Updated Jul 13, 2017

Challenge
Share
Tweet
Score 0/14 Timer 02:00
1 Play Today
% Correct
The Cat in the Hat
96.6%
Green Eggs and Ham
96.4%
One Fish
Two Fish
Red Fish
Blue Fish
96.1%
The Foot Book
93.8%
There's a Wocket
in My Pocket!
93.6%
Horton Hears a Who!
92.5%
How the Grinch
Stole Christmas!
92%
% Correct
Yertle the Turtle
91.1%
Fox in Socks
91%
Hop on Pop
85.8%
The Lorax
85.4%
Oh, the Places You'll Go!
84%
The Sneetches
76%
If I Ran the Zoo
71.5%

You're not logged in!

Compare scores with friends on all Sporcle quizzes.
Join for Free
OR
Log In

You Might Also Like...

Show Comments

Extras

Top Quizzes Today


Score Distribution

Your Account Isn't Verified!

In order to create a playlist on Sporcle, you need to verify the email address you used during registration. Go to your Sporcle Settings to finish the process.

Report this User

Report this user for behavior that violates our Community Guidelines.

Details: